Stolice państw Azji południowo-wschodniej - Statystyki

Ogólne statystyki
  • Ten quiz został rozwiązany 203 razy
  • Średni wynik to 6 z 10
Statystyki odpowiedzi
Państwo Stolica % Poprawnych
Singapur Singapur
91%
Tajlandia Bangkok
87%
Indonezja Dżakarta
85%
Wietnam Hanoi
75%
Malezja Kuala Lumpur
73%
Filipiny Manila
70%
Kambodża Phnom Penh
44%
Laos Wientian
44%
Mjanma Naypyidaw
42%
Brunei Bandar Seri Begawan
29%
Nie znaleziono quizów pasujących do podanych kryteriów
Rozkład punktacji
Procent ludzi z każdym wynikiem
Percentyl według liczby udzielonych odpowiedzi
Twoja historia wyników
Nie rozwiązałeś tego quizu